000 00383nam a22001337a 4500
005 20250531105558.0
008 250531b |||||||| |||| 00| 0 eng d
020 _a9780851107837
050 _aBV4501
_b.2 CAR
100 _aCARSON, D.A
245 _aWHEN JESUS CONFRONTS THE WORLD;
_bAN EXPOSITION OF MATTHEW 8-10
260 _aNEW YORK
_bINTER-VARSITY PRESS
_cc1987
942 _2lcc
_cBK
_n0
999 _c6089
_d6089